Zmesi biodegradovateľných polymérov z obnoviteľných zdrojov surovín

Salvato in:
Dettagli Bibliografici
Autore principale: Horváth, Vojtech (Autore)
Altri autori: Plavec, Roderik (Relatore della tesi)
Natura: Manoscritto Libro
Lingua:slovacco
Pubblicazione: 2024
Soggetti:
Accesso online:http://is.stuba.sk/zp/portal_zp.pl?podrobnosti=172394
Tags: Aggiungi Tag
Nessun Tag, puoi essere il primo ad aggiungerne!!

MARC

LEADER 00000ntm a22000003a 4500
001 stuzp87078
003 SK-STU
005 20240824210449.6
007 ta
008 150427s2015----xo-----f-mn---000-0-slo-d
040 |a STU  |b slo 
041 0 |a slo 
100 1 |a Horváth, Vojtech  |u 049370  |k Z3  |4 aut  |U FCHPT Ústav prírodných a syntetických polymérov  |T FCHPT Oddelenie plastov, kaučuku a vlákien  |X 76644  |U C9370  |Y 128  |7 76644 
242 0 1 |a Blends of biodegradable polymers from renewable resources  |y eng 
245 1 0 |a Zmesi biodegradovateľných polymérov z obnoviteľných zdrojov surovín 
260 |c 2024 
650 4 |a termoplastické elastoméry  |2 slo 
650 4 |a termodynamická miešateľnosť  |2 slo 
650 4 |a biodegradovateľné polyméry  |2 slo 
650 4 |a thermodynamic miscibility  |2 eng 
650 4 |a biodegradable polymers  |2 eng 
650 4 |a thermoplastic elastomers  |2 eng 
700 1 |a Plavec, Roderik  |u 049370  |k Z2  |4 ths  |U FCHPT Ústav prírodných a syntetických polymérov  |T FCHPT Oddelenie plastov, kaučuku a vlákien  |X 26421  |U C9370  |Y 128  |7 A000026421 
856 4 |u http://is.stuba.sk/zp/portal_zp.pl?podrobnosti=172394